[Event "ICS rated standard match"]
[Site "204.178.125.65"]
[Date "2000.06.24"]
[Round "?"]
[White "Hossa"]
[Black "PostModernist"]
[Result "1/2-1/2"]
[WhiteElo "2306"]
[BlackElo "2339"]
[PlyCount "261"]
[EventDate "2000.??.??"]

1. c4 e5 2. Nc3 Nf6 3. Nf3 d6 4. d4 Nbd7 5. e3 c6 6. Bd3 Be7 7. O-O O-O 8. Qc2
b6 9. Bd2 Bb7 10. Rfe1 Re8 11. Rad1 Qc7 12. Ng5 g6 13. Be2 exd4 14. exd4 d5 15.
cxd5 cxd5 16. Rc1 Bd6 17. Nf3 Ne4 18. Bh6 Nxc3 19. Qxc3 Qxc3 20. bxc3 Nf6 21.
Be3 Re7 22. Bg5 Rae8 23. Rc2 Re6 24. Bxf6 Rxf6 25. Kh1 Rfe6 26. Kg1 R6e7 27. g3
Bc8 28. Kg2 Ba3 29. Ne5 Bf5 30. Rd2 f6 31. Bb5 Rf8 32. Nf3 Rxe1 33. Nxe1 Rc8
34. Ba4 Rxc3 35. Bb3 Be6 36. Nc2 Bf8 37. Re2 Kf7 38. Ne3 Bd6 39. f4 b5 40. g4
f5 41. gxf5 gxf5 42. Bc2 Kf6 43. Kf3 b4 44. Rg2 Bc7 45. Rd2 h5 46. Bb3 h4 47.
Rc2 a6 48. h3 Bb6 49. Rxc3 bxc3 50. Ke2 Bxd4 51. Nxd5+ Bxd5 52. Bxd5 Bf2 53.
Bc6 Bg3 54. Kd3 Bxf4 55. Kxc3 Ke5 56. Kd3 Bg5 57. Ke2 Kf4 58. Kf2 Bf6 59. Bd7
Be7 60. Ke2 Ke4 61. Bc6+ Kd4 62. Bd7 f4 63. Kf3 Ke5 64. Bc6 Bb4 65. Kf2 Bc5+
66. Kf3 a5 67. Be8 Ba7 68. Bc6 Bb6 69. Bd7 Bd4 70. Ba4 Bg1 71. Kg2 Be3 72. Kf3
Bd4 73. Bc6 Ba7 74. Kg2 Bc5 75. Kf3 Bd6 76. Kg4 Be7 77. a4 Bd8 78. Bg2 Bf6 79.
Bf3 Be7 80. Bc6 Kd4 81. Kxf4 Bd6+ 82. Kg4 Bg3 83. Bd7 Kd5 84. Bf5 Bf2 85. Bd7
Kd4 86. Be6 Ke4 87. Bf5+ Ke3 88. Bg6 Be1 89. Be8 Kd4 90. Bc6 Ke5 91. Bb5 Bg3
92. Bc6 Bf2 93. Bb5 Kd4 94. Kf4 Kd5 95. Kf3 Be1 96. Kg4 Bg3 97. Bd7 Kd4 98. Be6
Ke5 99. Bf5 Be1 100. Bd7 Kd6 101. Bf5 Kd5 102. Bd7 Kc5 103. Kf4 Kd4 104. Kg4
Ke4 105. Be6 Bg3 106. Bf5+ Ke3 107. Be6 Kd3 108. Bd5 Kc3 109. Bb7 Kd4 110. Bc6
Ke3 111. Bb5 Ke4 112. Bd7 Kd3 113. Be6 Ke3 114. Bd5 Be1 115. Bc6 Bf2 116. Bd5
Kd3 117. Bc6 Kd4 118. Bb7 Kc5 119. Bf3 Bg3 120. Bb7 Kc4 121. Be4 Kb4 122. Bc6
Bf2 123. Bd7 Kc5 124. Bb5 Be1 125. Bd7 Kb4 126. Bb5 Kc3 127. Bc6 Kb3 128. Bb5
Bg3 129. Bd7 Kc3 130. Bb5 Kb3 131. Bd7 1/2-1/2

[Event "ICS rated bullet match"]
[Site "204.178.125.65"]
[Date "2000.06.24"]
[Round "?"]
[White "Hossa"]
[Black "RKS"]
[Result "1-0"]
[WhiteElo "2508"]
[BlackElo "867"]
[PlyCount "39"]
[EventDate "2000.??.??"]

1. c4 d6 2. Nc3 e6 3. Nf3 c6 4. d4 Be7 5. e4 Bd7 6. Bd3 Nf6 7. e5 O-O 8. exf6
g6 9. fxe7 g5 10. exd8=Q Rxd8 11. Bxg5 b6 12. Bxd8 a6 13. Bxb6 f6 14. Ne4 h6
15. Nxd6 Kf8 16. O-O Kg8 17. Ne5 Kf8 18. Qh5 Kg8 19. Qf7+ Kh8 20. Ng6# 1-0

[Event "ICS rated bullet match"]
[Site "204.178.125.65"]
[Date "2000.06.24"]
[Round "?"]
[White "JSBach"]
[Black "Hossa"]
[Result "0-1"]
[WhiteElo "2115"]
[BlackElo "2508"]
[PlyCount "166"]
[EventDate "2000.??.??"]

1. e4 e6 2. Nc3 c5 3. e5 Nc6 4. Qh5 Nb4 5. Qd1 Nc6 6. Nf3 d5 7. Bb5 Bd7 8. d3
d4 9. Bg5 Qa5 10. Bxc6 Bxc6 11. Bd2 dxc3 12. Bxc3 Qc7 13. O-O Ne7 14. g3 Nd5
15. Be1 Be7 16. Bd2 O-O 17. Qe2 Qd8 18. Rab1 Rb8 19. Kh1 Ba4 20. b3 Bc6 21. Kg1
Qd7 22. Rfd1 Qc7 23. d4 Nb4 24. dxc5 Nxc2 25. Rbc1 Bxf3 26. Qxf3 Nd4 27. Qe4
Qxe5 28. Qxe5 Nf3+ 29. Kh1 Nxe5 30. Bf4 Bf6 31. Rd6 Rbd8 32. Rcd1 Rc8 33. b4
Nc4 34. Rd7 Rcd8 35. Kg2 e5 36. Bc1 Rxd7 37. Rxd7 Rb8 38. h4 Bd8 39. h5 h6 40.
Kf1 f5 41. Kg1 Kh7 42. Kg2 Bf6 43. a3 a6 44. Kh2 Kg8 45. Kh1 Rd8 46. Rxd8+ Bxd8
47. Kg1 Kf7 48. Kf1 Ke6 49. a4 a5 50. bxa5 Bxa5 51. c6 bxc6 52. g4 fxg4 53. Kg2
Nb6 54. Kg3 Kf5 55. Ba3 Nxa4 56. Bf8 Kg5 57. Bxg7 Bc3 58. Bxh6+ Kxh6 59. Kxg4
Bd4 60. Kh4 Bxf2+ 61. Kg4 e4 62. Kf4 Nc3 63. Kg4 Nd5 64. Kh3 Nf4+ 65. Kg4 e3
66. Kxf4 Kxh5 67. Kf3 Kg5 68. Kg2 Kf4 69. Kf1 e2+ 70. Kxe2 Bd4 71. Kd3 c5 72.
Kc4 Ke3 73. Kb3 Kd3 74. Ka3 Be3 75. Ka4 c4 76. Kb5 c3 77. Kc6 c2 78. Kd5 c1=Q
79. Ke5 Qc6 80. Kf5 Qd6 81. Kg4 Ke4 82. Kh3 Kf3 83. Kh4 Qh6# {JSBach checkmated
} 0-1

[Event "ICS rated bullet match"]
[Site "204.178.125.65"]
[Date "2000.06.24"]
[Round "?"]
[White "Hossa"]
[Black "JSBach"]
[Result "1-0"]
[WhiteElo "2511"]
[BlackElo "2112"]
[PlyCount "31"]
[EventDate "2000.??.??"]

1. c4 e5 2. Nc3 Qf6 3. Nf3 Nc6 4. Nd5 Qd8 5. d4 exd4 6. Bf4 d6 7. Nxd4 Ne5 8.
Nb5 Rb8 9. Ndxc7+ Ke7 10. c5 Kf6 11. Qd4 Bd7 12. cxd6 a6 13. h4 Kg6 14. h5+ Kf5
15. Qxe5+ Kg4 16. f3# 1-0

[Event "ICS rated bullet match"]
[Site "204.178.125.65"]
[Date "2000.06.24"]
[Round "?"]
[White "JSBach"]
[Black "Hossa"]
[Result "0-1"]
[WhiteElo "2109"]
[BlackElo "2514"]
[PlyCount "118"]
[EventDate "2000.??.??"]

1. d4 Nf6 2. Nc3 d5 3. Qd3 e6 4. Bg5 Be7 5. O-O-O Nbd7 6. Bf4 O-O 7. Nf3 Ng4 8.
Bg3 Bd6 9. h3 Ngf6 10. Bxd6 cxd6 11. e3 Nb6 12. Be2 Qe7 13. Rhf1 e5 14. e4 exd4
15. Nxd5 Nbxd5 16. exd5 Nxd5 17. Qd2 Bf5 18. Nxd4 Be4 19. f3 Bg6 20. Bc4 Ne3
21. Rfe1 Qc7 22. Rxe3 Qxc4 23. b3 Qc7 24. Nb5 Qc5 25. Nxd6 Rfd8 26. b4 Qc6 27.
b5 Qc7 28. Rc3 Qb6 29. Qd4 Qxd4 30. Rxd4 Rd7 31. Rc5 f6 32. a4 Rad8 33. Rcd5
Bf7 34. Nxf7 Rxd5 35. Nxd8 Rxd4 36. Nxb7 Rxa4 37. Kd2 Rb4 38. c4 Rxc4 39. Kd3
Rc7 40. Na5 Rc5 41. Nc6 a6 42. Ne7+ Kf7 43. Kd4 Rxb5 44. Nd5 a5 45. Kc4 Rb2 46.
g4 a4 47. h4 a3 48. Kc3 Rb7 49. Ne3 a2 50. Nc2 Rc7+ 51. Kb2 Rxc2+ 52. Ka1 g5
53. h5 h6 54. f4 gxf4 55. g5 hxg5 56. h6 f3 57. h7 f2 58. h8=N+ Ke6 59. Ng6
f1=Q# 0-1

[Event "ICS Rated blitz match"]
[Site "204.178.125.65"]
[Date "2000.06.24"]
[Round "?"]
[White "Hossa"]
[Black "PostModernist"]
[Result "0-1"]
[WhiteElo "2392"]
[BlackElo "2699"]
[PlyCount "130"]
[EventDate "2000.??.??"]

1. c4 e5 2. Nc3 Nf6 3. e3 Nc6 4. d4 Bb4 5. d5 Ne7 6. Nf3 e4 7. Nd2 Bxc3 8. bxc3
d6 9. Qc2 Bf5 10. h3 h5 11. Ba3 Qd7 12. Qb2 c6 13. dxc6 Nxc6 14. Rd1 O-O-O 15.
Nb3 Ne8 16. Nd4 Be6 17. Nb5 Qe7 18. Qd2 f5 19. Be2 Qf7 20. Qb2 Bxc4 21. O-O
Bxe2 22. Qxe2 Qe6 23. Qd2 Rh6 24. Nd4 Qd7 25. Nxc6 Qxc6 26. Bb4 g5 27. Ba5 b6
28. Bb4 g4 29. h4 Nc7 30. Qd4 Qa4 31. Rd2 a5 32. Qxb6 axb4 33. cxb4 Qa6 34. Qd4
Qc6 35. Qg7 Rdh8 36. Rfd1 d5 37. Qd4 Rf6 38. a4 Qb6 39. Qc3 Qc6 40. Qd4 Rhf8
41. b5 Qb6 42. Qc3 Kd7 43. Rxd5+ Nxd5 44. Rxd5+ Ke6 45. a5 Qb8 46. Rc5 Rd8 47.
Rc6+ Rd6 48. a6 Rxc6 49. Qxc6+ Ke7 50. Qc5+ Qd6 51. Qc3 f4 52. exf4 Qxf4 53.
Qc5+ Qd6 54. Qa7+ Kf8 55. Qh7 Qd4 56. Kh2 Qe5+ 57. Kg1 e3 58. fxe3 Qxe3+ 59.
Kh2 Qe5+ 60. Kg1 g3 61. Qh8+ Ke7 62. Qh7+ Rf7 63. Qxf7+ Kxf7 64. Kf1 Qe3 65. b6
Qf2# {Hossa checkmated} 0-1

[Event "ICS Rated standard match"]
[Site "204.178.125.65"]
[Date "2000.06.24"]
[Round "?"]
[White "QueenMaxima"]
[Black "Hossa"]
[Result "1/2-1/2"]
[WhiteElo "2393"]
[BlackElo "2308"]
[PlyCount "196"]
[EventDate "2000.??.??"]

1. e4 e6 2. d4 d5 3. Nc3 Bb4 4. e5 c5 5. a3 Ba5 6. b4 cxb4 7. Nb5 Nc6 8. axb4
Bxb4+ 9. c3 Be7 10. Bd3 a6 11. Bf4 Bd7 12. Nd6+ Bxd6 13. exd6 Nf6 14. Nf3 Na7
15. O-O Bb5 16. Re1 Bxd3 17. Qxd3 Nb5 18. Ng5 Rc8 19. Rac1 Rc6 20. Nxe6 fxe6
21. Rxe6+ Kf8 22. Re7 Nxd6 23. Bxd6 Rxd6 24. Rxb7 Rb6 25. Rb1 Rxb7 26. Rxb7 Qe8
27. Qb1 Qe6 28. Rb6 Qd7 29. Rb7 Qd6 30. Ra7 Qe6 31. Qb4+ Kg8 32. Re7 Qc8 33.
Rb7 Ne8 34. Qe7 h6 35. Qf7+ Kh7 36. Re7 Rg8 37. Qxd5 Nf6 38. Qf3 Kh8 39. h3 a5
40. Rf7 Qe6 41. Ra7 Nd5 42. Rxa5 Qe1+ 43. Kh2 Nxc3 44. Re5 Qd2 45. Qe3 Qb2 46.
Re6 Qb8+ 47. Qe5 Qxe5+ 48. dxe5 Rf8 49. Rc6 Ne2 50. Rc2 Nd4 51. Rc4 Rf4 52. Kh1
Ne2 53. Rc5 Kg8 54. f3 Rf5 55. Kh2 g5 56. Rc6 Rxe5 57. Rxh6 Kg7 58. Rc6 Rd5 59.
h4 Rd4 60. g3 gxh4 61. gxh4 Rxh4+ 62. Kg2 Rd4 63. f4 Rd7 64. f5 Kf7 65. f6 Nf4+
66. Kh2 Nd5 67. Rc8 Ra7 68. Rd8 Nf4 69. Rh8 Ra2+ 70. Kh1 Ne6 71. Rc8 Ra1+ 72.
Kh2 Rd1 73. Rh8 Ng5 74. Rc8 Rd7 75. Rh8 Rd3 76. Rc8 Ne6 77. Rh8 Nf8 78. Rh6 Rf3
79. Rh8 Rb3 80. Rh6 Rb2+ 81. Kh3 Ne6 82. Rh7+ Kg6 83. Rh8 Ng5+ 84. Kg3 Rb3+ 85.
Kg4 Rb4+ 86. Kg3 Kf7 87. Rd8 Rb7 88. Rh8 Rb1 89. Rd8 Ke6 90. f7 Rg1+ 91. Kf4
Nxf7 92. Re8+ Kd5 93. Rf8 Ne5 94. Rd8+ Ke6 95. Re8+ Kd5 96. Rd8+ Ke6 97. Re8+
Kd5 98. Rd8+ Ke6 1/2-1/2

[Event "ICS rated standard match"]
[Site "204.178.125.65"]
[Date "2000.06.24"]
[Round "?"]
[White "Hossa"]
[Black "QueenMaxima"]
[Result "1-0"]
[WhiteElo "2312"]
[BlackElo "2389"]
[PlyCount "127"]
[EventDate "2000.??.??"]

1. e4 e5 2. Nf3 Nc6 3. Nc3 Nf6 4. Bc4 Bc5 5. d3 d6 6. Na4 Bb6 7. O-O O-O 8.
Nxb6 axb6 9. Bg5 Re8 10. Nd2 h6 11. Bh4 Be6 12. Bb5 Rf8 13. c3 Kh8 14. Ba4 Qe7
15. Qc2 Rfe8 16. Bb5 Bg4 17. a4 Be6 18. b3 Rec8 19. Rfd1 Na7 20. Bc4 Bxc4 21.
Nxc4 Nc6 22. Ne3 Qe6 23. f3 Ra5 24. d4 exd4 25. cxd4 Nb8 26. b4 Ra8 27. d5 Qe7
28. Ra3 b5 29. a5 Na6 30. Qd3 Qe5 31. Rb3 Re8 32. Qxb5 Rab8 33. Nf5 Rec8 34.
Qd3 Nh5 35. Qd2 Qf4 36. Qf2 Qe5 37. Re1 Rf8 38. Qe3 g5 39. Bf2 Kh7 40. Qc1 Ra8
41. b5 Nc5 42. Bxc5 dxc5 43. Qxc5 Rfc8 44. b6 Ng7 45. Qe7 Re8 46. Qxf7 c5 47.
Qxb7 Rxa5 48. Qf7 Ra1 49. Rbb1 Rxb1 50. Rxb1 Kh8 51. Nxg7 Re7 52. Qf8+ Kh7 53.
Nf5 Rb7 54. Qxh6+ Kg8 55. Qxg5+ Kh8 56. d6 Qe6 57. Ra1 Qc8 58. Ra7 c4 59. Qh6+
Kg8 60. Ne7+ Rxe7 61. Rxe7 Qc5+ 62. Kf1 Qe5 63. Qg6+ Qg7 64. Qxg7# 1-0

[Event "ICS rated standard match"]
[Site "204.178.125.65"]
[Date "2000.06.24"]
[Round "?"]
[White "QueenMaxima"]
[Black "Hossa"]
[Result "0-1"]
[WhiteElo "2370"]
[BlackElo "2331"]
[PlyCount "186"]
[EventDate "2000.??.??"]

1. e4 e6 2. d4 d5 3. Nc3 Bb4 4. e5 c5 5. a3 Ba5 6. b4 cxd4 7. Nb5 Bc7 8. f4 Nc6
9. Nf3 Nge7 10. Bd3 a6 11. Nxc7+ Qxc7 12. Bb2 O-O 13. Nxd4 Nxd4 14. Bxd4 Bd7
15. O-O Bb5 16. Bxb5 axb5 17. Qd3 Qd7 18. Bc5 Rfc8 19. Rad1 Ra4 20. Kh1 Nf5 21.
Rf3 Qc6 22. Rd2 Rca8 23. Qb3 b6 24. Bf2 Rxa3 25. Qxa3 Rxa3 26. Rxa3 h5 27. Rf3
Qc4 28. c3 Qf1+ 29. Bg1 Qb1 30. Rh3 h4 31. Rhd3 Qc1 32. Rf2 d4 33. cxd4 Qb1 34.
Rff3 Qxb4 35. d5 exd5 36. Rxd5 Qb1 37. Rd8+ Kh7 38. Rd7 Kg6 39. Rfd3 b4 40. Rd8
b5 41. R8d5 Qc2 42. Rf3 Qa4 43. Rdd3 Qa2 44. Rb3 Qd2 45. Rf1 Ne7 46. Rf2 Qe1
47. Rd3 Nf5 48. Ra2 Qf1 49. Rf3 Qc1 50. Raf2 Qc4 51. Rf1 h3 52. R1f2 hxg2+ 53.
Rxg2+ Kh7 54. e6 fxe6 55. Rh3+ Kg8 56. Rd2 Qxf4 57. Rd8+ Kf7 58. Rdd3 Ke7 59.
Rhf3 Qc1 60. h3 Qc6 61. Kh2 Qc2+ 62. Kh1 Nh4 63. Rg3 Kf6 64. Be3 Nf5 65. Rf3
Kg6 66. Bd4 b3 67. Bxg7 Kxg7 68. Rxb3 Qd1+ 69. Kh2 Qd2+ 70. Kh1 Qc1+ 71. Kh2
Nd4 72. Rg3+ Kf6 73. Ra3 Qf4 74. Kg2 Qe4+ 75. Kf2 Qc2+ 76. Kf1 b4 77. Rad3 e5
78. Kg1 Ne2+ 79. Kh1 Nxg3+ 80. Rxg3 Qe4+ 81. Kg1 Qe1+ 82. Kh2 Qxg3+ 83. Kxg3 b3
84. h4 b2 85. h5 Kg5 86. Kf3 b1=Q 87. Ke2 Qc2+ 88. Ke3 Kxh5 89. Kf3 Qd3+ 90.
Kf2 Kg4 91. Kg2 Qd2+ 92. Kg1 Kf3 93. Kh1 Qg2# 0-1

[Event "ICS rated standard match"]
[Site "204.178.125.65"]
[Date "2000.06.24"]
[Round "?"]
[White "Hossa"]
[Black "QueenMaxima"]
[Result "1-0"]
[WhiteElo "2349"]
[BlackElo "2352"]
[PlyCount "137"]
[EventDate "2000.??.??"]

1. e4 e5 2. Nf3 Nc6 3. Nc3 Nf6 4. Bc4 Bc5 5. d3 d6 6. Na4 Bb6 7. Nxb6 axb6 8.
Ng5 O-O 9. O-O Na5 10. Nxf7 Rxf7 11. Bxf7+ Kxf7 12. Bg5 Kg8 13. f4 Nc6 14. fxe5
Nxe5 15. Bxf6 gxf6 16. d4 Nd7 17. Qf3 Kh8 18. c3 Qg8 19. a3 Qe6 20. Rf2 Ra5 21.
Raf1 Rg5 22. Re2 Qg4 23. Qd3 Qh4 24. Qc4 c6 25. Rff2 Rh5 26. g3 Qg4 27. Qf7 Rg5
28. Qe7 Rb5 29. Qxd6 Ra5 30. Re1 Qg6 31. e5 fxe5 32. Qe7 h5 33. Ref1 Qg8 34.
Rf8 Nxf8 35. Rxf8 Bg4 36. Rxg8+ Kxg8 37. Qxb7 exd4 38. Qxb6 Rb5 39. Qxc6 Rxb2
40. Qg6+ Kf8 41. cxd4 Re2 42. Qh6+ Ke8 43. h3 Re1+ 44. Kf2 Re2+ 45. Kf1 Bf3 46.
Qg6+ Ke7 47. Qg7+ Ke8 48. Qg8+ Ke7 49. d5 Re5 50. Qg7+ Kd6 51. Qf8+ Kxd5 52.
Qxf3+ Kc5 53. g4 hxg4 54. Qc3+ Kd5 55. Qxe5+ Kxe5 56. hxg4 Kd4 57. Ke2 Kc4 58.
g5 Kd5 59. a4 Ke5 60. a5 Kf5 61. Ke3 Kg6 62. a6 Kg7 63. a7 Kf7 64. a8=Q Kg6 65.
Qd8 Kf5 66. Qf6+ Kg4 67. Kf2 Kh5 68. Kf3 Kh4 69. Qh6# 1-0

[Event "ICS rated standard match"]
[Site "204.178.125.65"]
[Date "2000.06.24"]
[Round "?"]
[White "PostModernist"]
[Black "Hossa"]
[Result "1-0"]
[WhiteElo "2337"]
[BlackElo "2365"]
[PlyCount "147"]
[EventDate "2000.??.??"]

1. e4 e6 2. d4 d5 3. Nc3 Bb4 4. e5 c5 5. a3 Ba5 6. b4 cxd4 7. Nb5 Bc7 8. f4 Nc6
9. Nf3 Nge7 10. Bd3 a6 11. Nxc7+ Qxc7 12. O-O O-O 13. Bxh7+ Kh8 14. Bd3 g6 15.
Qe1 Kg8 16. Qh4 Nf5 17. Bxf5 exf5 18. Ng5 f6 19. exf6 Rxf6 20. Nh7 Qxh7 21.
Qxf6 Bd7 22. Bb2 Rf8 23. Qd6 Qf7 24. Qc5 Re8 25. Bxd4 Re2 26. Rf2 Re4 27. Bb2
d4 28. c3 d3 29. Qd6 Re3 30. Rd1 Be6 31. Bc1 Re4 32. Rf3 Bb3 33. Rdf1 Bc4 34.
Bd2 Re6 35. Qc5 Re2 36. R1f2 Re8 37. Rg3 Re4 38. a4 Re6 39. h4 Kh7 40. Rg5 Rf6
41. Qe3 Kh6 42. a5 Bb5 43. h5 gxh5 44. Qh3 Qe8 45. g4 Bc4 46. Rxh5+ Kg7 47. g5
Rg6 48. Rh7+ Kf8 49. Qxf5+ Bf7 50. Rfh2 Ne7 51. Rh8+ Ng8 52. Qxd3 Qe7 53. R2h6
Rxh6 54. gxh6 Qf6 55. Qd4 Qg6+ 56. Kf2 Ke7 57. h7 Nh6 58. Qe5+ Kd7 59. Rd8+
Kxd8 60. h8=Q+ Kd7 61. Qd4+ Qd6 62. Qxd6+ Kxd6 63. Qxh6+ Kd7 64. Qh7 Ke7 65. f5
b5 66. axb6 Kf6 67. b7 Bg8 68. Qg6+ Ke5 69. b8=Q+ Kd5 70. Qgxg8+ Ke4 71. Qf4+
Kd3 72. Qe3+ Kc2 73. Qa2+ Kd1 74. Qf3# {Hossa checkmated} 1-0

[Event "ICS rated standard match"]
[Site "204.178.125.65"]
[Date "2000.06.24"]
[Round "?"]
[White "Hossa"]
[Black "QueenMaxima"]
[Result "1/2-1/2"]
[WhiteElo "2348"]
[BlackElo "2336"]
[PlyCount "301"]
[EventDate "2000.??.??"]

1. e4 e5 2. Nf3 Nc6 3. Nc3 Nf6 4. Bc4 Bc5 5. d3 d6 6. Na4 Bb6 7. O-O O-O 8.
Nxb6 axb6 9. Bg5 Na5 10. Nd2 Nxc4 11. Nxc4 h6 12. Bh4 Be6 13. Nd2 b5 14. a3 Re8
15. c3 Ra4 16. b3 Ra6 17. d4 Bd7 18. Qe2 Qe7 19. Bxf6 Qxf6 20. Qe3 Rea8 21. Nb1
Ra5 22. f4 exd4 23. cxd4 Bg4 24. Ra2 b4 25. a4 d5 26. e5 Qe7 27. f5 f6 28. Qf4
Bh5 29. e6 c6 30. Rc2 Kh7 31. Qh4 Be8 32. Nd2 g6 33. fxg6+ Bxg6 34. Rcc1 Kg7
35. Rce1 b5 36. axb5 Rxb5 37. Rf3 Ra2 38. Rh3 h5 39. Qf4 Rba5 40. Rf3 Rb2 41.
Rf2 Raa2 42. Qe3 Rc2 43. h3 c5 44. dxc5 Qxc5 45. Qxc5 Rxc5 46. Nf3 Ra8 47. Nd4
Be4 48. Ref1 Bd3 49. e7 Bxf1 50. Ne6+ Kf7 51. Nxc5 Bb5 52. Rf5 Ra1+ 53. Kh2 Ra2
54. Rxh5 Kxe7 55. Kg3 Rd2 56. Rh7+ Kd6 57. Nb7+ Ke5 58. Re7+ Kd4 59. Nd6 Bd3
60. h4 Rb2 61. Rf7 Ke5 62. Ne8 f5 63. Re7+ Kd4 64. Rg7 Be4 65. Kh2 Rxb3 66. h5
Ra3 67. Nc7 Kc4 68. h6 b3 69. Rg6 b2 70. Rc6+ Kd3 71. Rb6 f4 72. Rxb2 d4 73.
Ne6 Ke3 74. Nc5 Ra5 75. Nxe4 Rh5+ 76. Kg1 Kxe4 77. Rb6 d3 78. Kf2 Rh4 79. Re6+
Kd5 80. Ra6 Rh1 81. Ra8 Rxh6 82. Ke1 Rg6 83. Kd2 Rxg2+ 84. Kxd3 Rg3+ 85. Ke2
Re3+ 86. Kf2 Rb3 87. Rd8+ Ke5 88. Re8+ Kd4 89. Rd8+ Ke4 90. Kf1 Rb2 91. Re8+
Kf5 92. Rf8+ Kg4 93. Rg8+ Kf3 94. Kg1 Ra2 95. Rh8 Rd2 96. Rh3+ Ke4 97. Kf1 f3
98. Rh5 Ke3 99. Re5+ Kf4 100. Rh5 Re2 101. Rh4+ Ke3 102. Rc4 Rf2+ 103. Kg1 Ra2
104. Rc3+ Ke2 105. Rc1 Rb2 106. Ra1 Rd2 107. Rb1 Rc2 108. Ra1 Rb2 109. Rc1 Kd3
110. Rd1+ Ke3 111. Re1+ Kd4 112. Kf1 Rc2 113. Rd1+ Ke3 114. Re1+ Kf4 115. Re6
Rh2 116. Rf6+ Ke3 117. Re6+ Kd3 118. Rd6+ Ke4 119. Rg6 Rd2 120. Re6+ Kf5 121.
Rh6 Rg2 122. Rh5+ Ke4 123. Rh4+ Ke3 124. Rc4 Rd2 125. Rc3+ Ke4 126. Rc4+ Kd3
127. Rc1 Ra2 128. Rd1+ Ke3 129. Re1+ Re2 130. Rd1 Rf2+ 131. Kg1 Rg2+ 132. Kf1
Kf4 133. Rd4+ Ke5 134. Rd3 Ke4 135. Rc3 Kf4 136. Rc4+ Kf5 137. Rc5+ Kg4 138.
Rc4+ Kg3 139. Rc5 Rf2+ 140. Kg1 Ra2 141. Rg5+ Kh3 142. Rh5+ Kg4 143. Re5 Kf4
144. Rh5 Rc2 145. Kf1 Kg3 146. Rg5+ Kf4 147. Rh5 f2 148. Rh4+ Ke5 149. Rh2 Rd2
150. Rxf2 Rxf2+ 151. Kxf2 1/2-1/2

[Event "ICS Rated standard match"]
[Site "204.178.125.65"]
[Date "2000.06.24"]
[Round "?"]
[White "Hossa"]
[Black "PostModernist"]
[Result "1/2-1/2"]
[WhiteElo "2347"]
[BlackElo "2354"]
[PlyCount "258"]
[EventDate "2000.??.??"]

1. e4 g6 2. d4 Bg7 3. c4 d6 4. Nf3 Nf6 5. Nc3 O-O 6. Be2 Nbd7 7. Bg5 c6 8. O-O
h6 9. Bd2 c5 10. d5 b6 11. Qc2 Bb7 12. Rab1 Qe8 13. Qc1 g5 14. h4 g4 15. Nh2 h5
16. Bh6 Nh7 17. Bxg7 Kxg7 18. Qf4 e5 19. dxe6 Qxe6 20. Rbd1 Ne5 21. Nb5 Ng6 22.
Qg3 Rad8 23. f3 Qe5 24. Qxe5+ dxe5 25. fxg4 Bxe4 26. Nc3 Rxd1 27. Rxd1 Ba8 28.
g3 hxg4 29. Rd7 Nf6 30. Rxa7 e4 31. Nxg4 Nxg4 32. Bxg4 Ne5 33. Be2 Rd8 34. Na4
e3 35. Kf1 Bf3 36. Bxf3 Nxf3 37. Re7 Nd2+ 38. Ke2 Nxc4 39. Re4 Rd2+ 40. Ke1 b5
41. Nc3 Rxb2 42. Nxb5 Nb6 43. Nc3 Rc2 44. Rxe3 Nc4 45. Rf3 Ne5 46. Kd1 Rg2 47.
Rf5 Rxg3 48. Ne4 Rg1+ 49. Kc2 Rg2+ 50. Kc3 Ng6 51. h5 Rxa2 52. hxg6 Ra3+ 53.
Kd2 fxg6 54. Rxc5 Kh6 55. Rc8 Kh5 56. Rh8+ Kg4 57. Nc5 Ra5 58. Rc8 g5 59. Ke3
Ra1 60. Rg8 Kf5 61. Rg7 Kf6 62. Rd7 Re1+ 63. Kf2 Re5 64. Rd6+ Kf5 65. Nd7 Re4
66. Rd5+ Ke6 67. Rd1 Kf5 68. Rd2 g4 69. Kg1 Kg5 70. Kg2 Re3 71. Nb6 Kh4 72. Nd5
Ra3 73. Nf4 Rg3+ 74. Kh2 Rf3 75. Ng2+ Kg5 76. Rd5+ Rf5 77. Rd8 Rf3 78. Rg8+ Kh5
79. Kg1 g3 80. Rg7 Kh6 81. Re7 Kg5 82. Re8 Rb3 83. Re1 Ra3 84. Rb1 Kf5 85. Rd1
Ra2 86. Rc1 Rb2 87. Rc5+ Ke4 88. Rc4+ Kd3 89. Rc1 Rb3 90. Ra1 Kd4 91. Nf4 Ke4
92. Ne6 Rb2 93. Rf1 Ke5 94. Re1+ Kf5 95. Nc5 Kg4 96. Nd3 Rd2 97. Re3 Rc2 98.
Re8 Rh2 99. Rg8+ Kf3 100. Rf8+ Ke4 101. Ne1 Ra2 102. Re8+ Kf4 103. Ng2+ Kg4
104. Rg8+ Kf3 105. Rf8+ Ke4 106. Re8+ Kf3 107. Re3+ Kg4 108. Re4+ Kf5 109. Re1
Kg4 110. Rc1 Kh3 111. Nf4+ Kh4 112. Nd3 Rd2 113. Rc4+ Kh3 114. Nf4+ Kh4 115.
Ng2+ Kh5 116. Rc1 Ra2 117. Rc5+ Kg4 118. Rc4+ Kf5 119. Ne3+ Ke5 120. Nc2 Ra8
121. Nb4 Ra3 122. Kg2 Re3 123. Rg4 Rc3 124. Rg5+ Kf4 125. Rg7 Rb3 126. Nc2 Ke5
127. Rd7 Rb2 128. Rc7 Rb3 129. Rc8 Kf5 1/2-1/2

[Event "ICS rated bullet match"]
[Site "204.178.125.65"]
[Date "2000.06.24"]
[Round "?"]
[White "Prozac"]
[Black "Hossa"]
[Result "0-1"]
[WhiteElo "2218"]
[BlackElo "2523"]
[PlyCount "78"]
[EventDate "2000.??.??"]

1. g3 d5 2. Bg2 e5 3. d3 Nc6 4. c3 Nf6 5. a3 Bd6 6. b4 O-O 7. Nd2 a5 8. Bb2 Qe7
9. e4 axb4 10. axb4 Rxa1 11. Qxa1 d4 12. cxd4 Nxd4 13. Bxd4 exd4 14. Ngf3 Bxb4
15. O-O c5 16. Nc4 b5 17. Nb2 Bb7 18. Rc1 Ra8 19. Qb1 Ra3 20. Nd1 Ng4 21. h3
Ne5 22. Nxe5 Qxe5 23. Rc2 Rxd3 24. Ra2 c4 25. Nb2 Rc3 26. Ra7 Qb8 27. Ra1 Rb3
28. Qc2 Bc3 29. Rb1 Bxb2 30. Rxb2 Rxb2 31. Qxb2 Qe5 32. f4 Qc5 33. Qa2 c3 34.
Kh2 c2 35. Qa5 c1=Q 36. Qd8+ Qf8 37. Qxd4 Qa8 38. e5 Bxg2 39. Qd8+ Qxd8 {
Prozac resigns} 0-1

[Event "ICS rated standard match"]
[Site "204.178.125.65"]
[Date "2000.06.24"]
[Round "?"]
[White "QueenMaxima"]
[Black "Hossa"]
[Result "1-0"]
[WhiteElo "2343"]
[BlackElo "2347"]
[PlyCount "64"]
[EventDate "2000.??.??"]

1. e4 e6 2. d4 d5 3. Nc3 Nf6 4. Bg5 Bb4 5. e5 h6 6. Bd2 Bxc3 7. bxc3 Ne4 8. Qg4
g5 9. h4 Nxd2 10. Kxd2 Rg8 11. Qh5 c5 12. Qxh6 Qb6 13. Ne2 Qb2 14. Qh7 Rf8 15.
Rd1 gxh4 16. Rxh4 Qxa2 17. Qg7 Qa5 18. Rb1 Nd7 19. Rh7 b6 20. Nf4 cxd4 21. Nxe6
dxc3+ 22. Ke1 Qa2 23. Rd1 d4 24. Nxf8 Nxf8 25. Rh8 Qa3 26. Rxd4 a6 27. Bc4 Ra7
28. Rd6 Qc1+ 29. Ke2 Bg4+ 30. f3 Qxc2+ 31. Kf1 Qc1+ 32. Kf2 Qc2+ {Hossa resigns
} 1-0

[Event "ICS Rated standard match"]
[Site "204.178.125.65"]
[Date "2000.06.24"]
[Round "?"]
[White "Hossa"]
[Black "QueenMaxima"]
[Result "1-0"]
[WhiteElo "2331"]
[BlackElo "2359"]
[PlyCount "145"]
[EventDate "2000.??.??"]

1. e4 e5 2. Nf3 Nc6 3. Nc3 Nf6 4. Bc4 Bc5 5. d3 d6 6. Na4 Bb6 7. Nxb6 axb6 8.
Ng5 O-O 9. O-O Na5 10. Nxf7 Rxf7 11. Bxf7+ Kxf7 12. Bg5 Nc6 13. f4 Kg8 14. fxe5
Nxe5 15. d4 Nf7 16. Bxf6 gxf6 17. Qf3 Ng5 18. Qb3+ Be6 19. Qg3 Kh8 20. Qd3 Bf7
21. h4 Ne6 22. Rf2 Bg6 23. Qe3 Qe7 24. Raf1 Rg8 25. Rxf6 Nd8 26. R1f4 d5 27. e5
Bxc2 28. Rf2 Be4 29. Qh6 b5 30. h5 c5 31. dxc5 Qxe5 32. b3 b4 33. Rd2 Qc3 34.
Qf4 Qxc5+ 35. Kh2 Qe7 36. h6 Nc6 37. Rf7 Qe6 38. Rxb7 Ra8 39. Kg1 Qg6 40. Rf7
Rg8 41. Rf6 Qe8 42. Rxc6 Qe7 43. Rc7 Qg5 44. Qxg5 Rxg5 45. Rb7 Kg8 46. Rf2 Rf5
47. Rxb4 Kf7 48. Rxe4 Rxf2 49. Kxf2 dxe4 50. Ke3 Kf6 51. Kxe4 Kg5 52. Ke5 Kxh6
53. Kf6 Kh5 54. g4+ Kxg4 55. a4 Kf3 56. a5 Ke3 57. a6 Kd3 58. a7 Kd4 59. Kf5
Kd3 60. Ke5 h5 61. b4 Kc3 62. b5 Kb3 63. b6 Kc3 64. b7 Kd3 65. Ke6 Kd2 66. Kf5
Kd3 67. Kg5 h4 68. Kxh4 Ke2 69. b8=Q Kd2 70. a8=Q Kc2 71. Qa3 Kd1 72. Qe3 Kc2
73. Qbb3# 1-0

[Event "ICS rated blitz match"]
[Site "204.178.125.65"]
[Date "2000.06.25"]
[Round "?"]
[White "PostModernist"]
[Black "Hossa"]
[Result "1-0"]
[WhiteElo "2627"]
[BlackElo "2387"]
[PlyCount "91"]
[EventDate "2000.??.??"]

1. d4 Nf6 2. c4 e6 3. Nf3 b6 4. e3 Bb7 5. Bd3 d5 6. Nc3 dxc4 7. Bxc4 Be7 8. O-O
O-O 9. Qe2 Nc6 10. Rd1 Na5 11. Bd3 Rc8 12. e4 Nc6 13. e5 Nd5 14. Nxd5 Qxd5 15.
Be4 Qd7 16. d5 Rcd8 17. Ng5 g6 18. Be3 Nxe5 19. dxe6 Qc8 20. Rxd8 Bxd8 21. Nxh7
Kxh7 22. Qh5+ Kg8 23. Qxe5 f6 24. Bxb7 Qxb7 25. Qb5 g5 26. Qd7 Qe4 27. h4 c5
28. h5 a6 29. Rd1 f5 30. h6 Qe5 31. Bd2 Qxb2 32. e7 Bxe7 33. Qxe7 Qh8 34. Qxg5+
Kh7 35. Bc1 Rf7 36. Rd8 Qxd8 37. Qxd8 Ra7 38. Qxb6 Rf7 39. Qe6 Ra7 40. Bf4 Rb7
41. Qxf5+ Kh8 42. Be5+ Kg8 43. Qg6+ Kf8 44. Bd6+ Re7 45. Qg7+ Ke8 46. Qxe7# {
Hossa checkmated} 1-0